• 首页
  • 本馆介绍
  • 公告通知
  • 最新文献
  • 馆藏检索
  • 电子资源
  • 读者导购
  • 参考咨询
  • 我的图书馆
  • 登录
  • 详细信息显示
  • 放入我的书架
  • 预约/预借图书
  • 作者相关作品
  • 分类相关作品
  • 丛书相关作品
  • 出版社相关作品

书目信息

  • 表格格式
  • 工作单格式
  • 卡片格式
题名:
化学工程与工艺综合设计实验教程
    
 
作者: 孙晓然 , 谢全安 主编
分册:  
出版信息: 北京   冶金工业出版社  2004.05
页数: 85页
开本: 23cm
丛书名:
单 册:
中图分类: TQ016-43
科图分类:
主题词: 化学工程--化学实验--高等教育--教材 , 化学工程--工艺设计--实验--高等教育--教材 , 化学工程 , 化学实验 , 工艺设计
电子资源:
ISBN: 7-5024-3479-8
000 01008nam0 2200289 450
001 002720266
005 20041010090246.0
010    @a7-5024-3479-8@dCNY12.00
100    @a20100913d2004 em y0chiy0110 ea
101 0  @achi
102    @aCN@b110000
105    @ay z 000yy
200 1  @a化学工程与工艺综合设计实验教程@Ahua xue gong cheng yu gong yi zong he she ji shi yan jiao cheng@f孙晓然,谢全安主编
210    @a北京@c冶金工业出版社@d2004.05
215    @a85页@d23cm
300    @a教育部新世纪高等教育教学改革工程课题研究成果
330    @a本书收入了相关综合实验与设计性实验共16个,对实验介绍了实验目的、实验原理、实验仪器与药品、实验步骤等,并介绍实验仪器。
606 0  @a化学工程@x化学实验@x高等教育@j教材
606 0  @a化学工程@x工艺设计@x实验@x高等教育@j教材
606 0  @a化学工程
606 0  @a化学实验
606 0  @a工艺设计
690    @aTQ016-43@v5
701  0 @a孙晓然@Asun xiao ran@4主编
701  0 @a谢全安@Axie quan an@4主编
905    @aBZT@dTQ016-43@e1
906    @dCNY12.00@n0@r1
    
    化学工程与工艺综合设计实验教程/孙晓然,谢全安主编.-北京:冶金工业出版社,2004.05
    85页;23cm
    教育部新世纪高等教育教学改革工程课题研究成果
    
    ISBN 7-5024-3479-8:CNY12.00
    本书收入了相关综合实验与设计性实验共16个,对实验介绍了实验目的、实验原理、实验仪器与药品、实验步骤等,并介绍实验仪器。
●
相关链接 在五车中查询图书 在当当中查询图书 在豆瓣中查询图书


正题名:化学工程与工艺综合设计实验教程     索取号:TQ016-43/1         预约/预借

序号 登录号 条形码 馆藏地/架位号 状态 备注
1 770368   2000770368   中心书库中库/ 中库026架A面4列7层23/ [索取号:TQ016-43/1] 在馆    
2 770369   2000770369   中心书库中库/ 中库026架A面4列7层25/ [索取号:TQ016-43/1] 在馆    
3 770370   2000770370   中心书库中库/ 中库026架A面4列7层26/ [索取号:TQ016-43/1] 在馆    
4 770371   2000770371   中心书库中库/ 中库026架A面4列7层22/ [索取号:TQ016-43/1] 在馆    
5 770372   2000770372   中心书库中库/ 中库026架A面4列7层27/ [索取号:TQ016-43/1] 在馆    
6 770373   2000770373   中心书库中库/ 中库026架A面4列7层21/ [索取号:TQ016-43/1] 在馆    
7 770374   2000770374   中心书库中库/ 中库026架A面4列7层30/ [索取号:TQ016-43/1] 在馆    
8 770375   2000770375   中心书库中库/ 中库026架A面4列7层28/ [索取号:TQ016-43/1] 在馆    
9 770376   2000770376   中心书库中库/ 中库026架A面4列7层29/ [索取号:TQ016-43/1] 在馆    
10 770377   2000770377   中心书库中库/ 中库026架A面4列7层24/ [索取号:TQ016-43/1] 在馆    
山东省滨州职业学院图书馆 欢迎您!
大连网信软件有限公司© 版权所有